000 00725nam a2200253 a 4500
001 53726
003 BD-RjUL
005 20211209080018.0
008 161024r20052002enka 001 0 eng d
020 _a8178088371
035 _a(BD-RjUL)53848
040 _aUKM
_cBD-RjUL
_beng
_dBD-RjUL
041 _aeng
082 _223
_a621.395
_bMAD 2005
100 1 _aMano, M. Morris,
_9117600
245 1 0 _aDigital design /
_cM. Morris Mano.
250 _a3rd ed.
260 _aNew Delhi :
_bPearson Education,
_cc2002 [Reprint 2005].
300 _axi, 528 p. :
_bill. ;
_c24 cm.
500 _aIncludes index.
650 0 _aLogic circuits.
_9117601
650 0 _aElectronic digital computers
_xCircuits.
_9117602
942 _2ddc
_cBK
999 _c53726
_d53726